000 01336nam a2200325Ia 4500
001 ebr10114087
003 CaPaEBR
006 m u
007 cr cn|||||||||
008 040617s2004 nyua sb 001 0 eng d
010 _z 2004274889
020 _z0471457124
040 _aCaPaEBR
_cCaPaEBR
035 _a(OCoLC)560016857
050 1 4 _aTK5103.452
_b.Z53 2004eb
082 0 4 _a621.3845
_222
100 1 _aZigangirov, K. Sh.
245 1 0 _aTheory of code division multiple access communication
_h[electronic resource] /
_cKamil Sh. Zigangirov.
260 _aNew York ;
_a[Chichester] :
_bWiley-Interscience,
_cc2004.
300 _ax, 399 p. :
_bill.
490 1 _aIEEE Press series on digital & mobile communication
504 _aIncludes bibliographical references (p. 390-393) and index.
533 _aElectronic reproduction.
_bPalo Alto, Calif. :
_cebrary,
_d2009.
_nAvailable via World Wide Web.
_nAccess may be limited to ebrary affiliated libraries.
650 0 _aCode division multiple access.
650 0 _aWireless communication systems.
655 7 _aElectronic books.
_2local
710 2 _aebrary, Inc.
830 0 _aIEEE series on mobile & digital communication.
856 4 0 _uhttp://site.ebrary.com/lib/rucke/Doc?id=10114087
_zAn electronic book accessible through the World Wide Web; click to view
999 _c209790
_d209790